Leviathan
Salvato in:
| Autore principale: | |
|---|---|
| Altri autori: | |
| Natura: | Libro |
| Lingua: | inglese |
| Pubblicazione: |
Oxford, United Kingdom.
Clarendon Press,
2012-2014
|
| Serie: | The Clarendon Edition of the Works of Thomas Hobbes
|
| Soggetti: | |
| Tags: |
Aggiungi Tag
Nessun Tag, puoi essere il primo ad aggiungerne!!
|
MARC
| LEADER | 00000cam a2200000 a 4500 | ||
|---|---|---|---|
| 001 | UCC9777 | ||
| 003 | CL-VaPUC | ||
| 005 | 20250313110307.0 | ||
| 008 | 191111e20140000uk eng d | ||
| 999 | |c 178752 |d 178750 | ||
| 020 | |a 9780198709091 | ||
| 040 | |c Pontificia Universidad Católica de Valparaíso | ||
| 082 | 0 | 4 | |a 320.101 HOB 2012 |2 21 |
| 100 | |a Hobbes, Thomas |e author |9 223165 | ||
| 245 | 1 | 0 | |a Leviathan |
| 260 | |a Oxford, United Kingdom. |b Clarendon Press, |c 2012-2014 | ||
| 300 | |a 3 volúmenes | ||
| 490 | 0 | |a The Clarendon Edition of the Works of Thomas Hobbes | |
| 500 | |a v.2-v.3 Donación Sr. Harald Bluhm (FIL) Memo Nº4 - 21-7-2021 | ||
| 583 | |a last modification |c 20191111 11:03:20 |k cmena | ||
| 650 | 0 | 0 | |a Filosofía política |9 295215 |
| 650 | 0 | 0 | |a Ciencias Políticas |9 255201 |
| 650 | 0 | 0 | |a Sociología |9 255410 |
| 650 | 0 | 0 | |a Doctrinas políticas |9 255835 |
| 650 | 0 | 0 | |a Derechos humanos |9 223025 |
| 700 | |a Malcolm, Noel |e editor |9 862564 | ||
| 942 | |c BK |2 ddc | ||
| 945 | |a cmena |d 20191111 01:17:00 | ||
| 952 | |0 0 |1 0 |3 erb |4 0 |6 320_101000000000000_HOB_2014 |7 0 |8 A |9 495356 |a BIBEDU |b BIBEDU |d 2019-10-14 |e 39 |g 53000.00 |h v.3 |i 5564123 |o 320.101 HOB 2014 |p 5564123 |r 2021-05-18 |w 2020-01-06 |y BK |z Catalogado en:20191111 |k FIL | ||
| 952 | |0 0 |1 0 |2 ddc |4 0 |6 320_101000000000000_HOB_2012 |7 0 |8 A |9 578655 |a BIBEDU |b BIBEDU |d 2021-08-23 |h v.2 |i 5623170 |o 320.101 HOB 2012 |p 5623170 |r 2021-08-23 |t 1 |w 2021-08-23 |y BK |k FIL | ||
| 952 | |0 0 |1 0 |2 ddc |4 0 |6 320_101000000000000_HOB_2012 |7 0 |8 A |9 578656 |a BIBEDU |b BIBEDU |d 2021-08-23 |h v.3 |i 5623189 |o 320.101 HOB 2012 |p 5623189 |r 2021-08-23 |t 2 |w 2021-08-23 |y BK |k FIL | ||